Indice de los papeles de la Junta Central Suprema Gubernativa del Reino y del consejo de Regencia publicado por el Archivo Histórico Nacional. (Record no. 68981)

MARC details
000 -LEADER
campo de control de longitud fija 00787nam a2200193 i 4500
001 - NÚMERO DE CONTROL
campo de control 68981
003 - IDENTIFICADOR DE NÚMERO DE CONTROL
campo de control ES-MaACL
005 - FECHA Y HORA DE LA ÚLTIMA TRANSACCIÓN
campo de control 20230906170415.0
007 - CAMPO FIJO DE DESCRIPCIÓN FÍSICA--INFORMACIÓN GENERAL
campo de control de longitud fija t|
008 - DATOS DE LONGITUD FIJA--INFORMACIÓN GENERAL
campo de control de longitud fija 040823s1904 sp ||||1| spa d
245 00 - MENCIÓN DEL TÍTULO
Título Indice de los papeles de la Junta Central Suprema Gubernativa del Reino y del consejo de Regencia publicado por el Archivo Histórico Nacional.
260 ## - PUBLICACIÓN, DISTRIBUCIÓN, ETC.
Lugar de publicación, distribución, etc. Madrid :
Nombre del editor, distribuidor, etc. [s.n.],
Fecha de publicación, distribución, etc. 1904 (
Fabricante Tip. de la Revista de Archivos, Bibliotecas y Museos)
300 ## - DESCRIPCIÓN FÍSICA
Extensión 102 p. ;
Dimensiones 25 cm.
500 ## - NOTA GENERAL
Nota general Encuadernado con otras obras.
500 ## - NOTA GENERAL
Nota general En anteportada: Junta Central Suprema Gubernativa del Reino y del Consejo de Regencia.
710 2# - ENTRADA AGREGADA--NOMBRE DE ENTIDAD CORPORATIVA
Nombre de entidad corporativa o nombre de jurisdicción como elemento de entrada Archivo Histórico Nacional (España)
9 (RLIN) 1450
710 2# - ENTRADA AGREGADA--NOMBRE DE ENTIDAD CORPORATIVA
Nombre de entidad corporativa o nombre de jurisdicción como elemento de entrada España.
Unidad subordinada Junta Suprema Central.
9 (RLIN) 141469
852 ## - LOCALIZACIÓN
Ubicación ES-MaACL
Número de control de estantería C-2374(1)
Holdings
Estatus retirado Estado de pérdida Estado de daño No para préstamo Biblioteca de origen Biblioteca actual Ubicación en estantería Fecha de adquisición Fuente de adquisición Total de préstamos Signatura topográfica completa Código de barras Visto por última vez Precio de reemplazo Tipo de ítem Koha
        Biblioteca del Ateneo de Madrid Biblioteca del Ateneo de Madrid Depósito 2 17/01/2008     C-2374(1) 1072234 23/02/2023 23/02/2023 Libro impreso